| 000 | 00439nam a22001817a 4500 | ||
|---|---|---|---|
| 003 | MPLRDC | ||
| 005 | 20220104114729.0 | ||
| 008 | 210129b ||||| |||| 00| 0 eng d | ||
| 020 | _a957-35-0143-0 | ||
| 082 | _a226.6 HGCS | ||
| 100 | _a惠光禅师讲述 | ||
| 245 |
_a禅学入门 _c |
||
| 250 | _a再版 | ||
| 260 |
_a _b武陵出版有限公司 _c1990 |
||
| 300 | _b平 | ||
| 650 | _a佛教宗派--禅宗 | ||
| 942 |
_cBK _o226.6 HGCS |
||
| 999 |
_c9781 _d9771 |
||